000 003850000a22001090004500
090 _aAS
_bSeriadas
245 1 0 _aNuevos registros de Uredinales para la flora colombiana y países adyacentes
041 0 _aEspañol
100 1 _aBuriticá, Pablo
_999083
942 _cARTICULO
773 1 _tRevista de la Academia Colombiana de Ciencias Exactas, Fisicas y Naturales
_332
_h74
_q463-468
_d1995
_g19
999 _c14038
_d14038